| 000 | 00607nam a22001937a 4500 | ||
|---|---|---|---|
| 999 |
_c18760 _d18760 |
||
| 003 | AR-CdUCM | ||
| 008 | 190515b ||||| |||| 00| 0 spa d | ||
| 040 |
_aMUNICIPALIDAD PROVINCIAL DEL CUSCO _cBIBLIOTECA MUNICIPAL DEL CUSCO |
||
| 082 |
_a947.084 / _bU82 |
||
| 100 |
_aVillajenov, Victor Manuel _939542 |
||
| 245 | _aLa U.R.S.S. en las post-guerra / | ||
| 260 |
_aMéxico : _c1946. |
||
| 300 |
_a29 paginas ; _c23 cm. |
||
| 505 | _aContenido :La U.R.S.S. en las post-guerra / | ||
| 650 |
_aPost-guerra _939543 |
||
| 650 |
_aUnión soviética _9496 |
||
| 942 |
_2ddc _cLIBROS |
||
| 945 |
_arjall _d2019-05-15 |
||